Gaming Quiz

Random Gaming or Video Games Quiz

Mortal Kombat Characters Quiz Stats

 Plays Quiz Updated Oct 29, 2018

Score 0/84 Timer 14:00
34 Plays Today
Fighter % Correct
Sub-Zero
92.9%
Scorpion
91.6%
Raiden
80%
Sonya Blade
79.8%
Johnny Cage
79.3%
Liu Kang
76.3%
Reptile
76.1%
Jax Briggs
73.6%
Goro
70.6%
Smoke
68%
Cassie Cage
66.9%
Kano
65.8%
Kitana
63.7%
Shang Tsung
61.8%
Geras
60%
Baraka
58.1%
Cyrax
58.1%
Kollector
58%
Jade
57.5%
Kung Lao
57.5%
Cetrion
56.4%
Xenomorph
56.3%
Kotal Kahn
56%
Noob Saibot
54.9%
Mileena
54.7%
Predator
53.6%
D'Vorah
53.1%
Rain
52.7%
Fighter % Correct
Shao Kahn
52.3%
Erron Black
52.3%
Jacqui Briggs
51.4%
Takeda Takahashi
51.1%
Kung Jin
50.7%
Ermac
50.1%
Sheeva
49.7%
Leatherface
49.4%
Tremor
48.7%
Sektor
48.5%
Stryker
47.6%
Skarlet
47.4%
Cyber Sub Zero
47%
Tri-borg
46.8%
Jason Voorhees
46.7%
Sindel
46.5%
Ferra & Torr
46.1%
Freddy Krueger
45.8%
Kabal
45.6%
Kintaro
44.6%
Quan Chi
44.5%
Nightwolf
44%
Kratos
43.4%
Motaro
41.9%
Bo' Rai Cho
37.6%
Kenshi
36%
Tanya
34.9%
Shinnok
34.7%
Fighter % Correct
Blaze
34.1%
Frost
34%
Chameleon
33.6%
Meat
33.5%
Fujin
30.6%
Khameleon
30.4%
Onaga
28.8%
Kai
27.9%
Shujinko
27.3%
Taven
27.1%
Mokap
27%
Li Mei
26.2%
Reiko
25.8%
Kobra
25.5%
Daegon
25%
Jarek
24.8%
Moloch
24.1%
Ashrah
24.1%
Hsu Hao
23.9%
Mavado
23.9%
Sareena
23.9%
Darrius
23.7%
Drahmin
23.4%
Nitara
23.4%
Havik
23.2%
Kira
22.9%
Hotaru
21.7%
Dairou
20.2%

You're not logged in!

Compare scores with friends on all Sporcle quizzes.
OR
Log In

Sporcle TV

Today on Sporcle TV


Watch our educational content, quiz creation guides, and fun videos on Sporcle TV.

Show Comments

Extras

Top Quizzes Today


Score Distribution

Your Account Isn't Verified!

In order to create a playlist on Sporcle, you need to verify the email address you used during registration. Go to your Sporcle Settings to finish the process.

Report this User

Report this user for behavior that violates our Community Guidelines.

Details: